[Event "FRA-ch op-B"]
[Site "Albi"]
[Date "2022.08.18"]
[Round "6"]
[White "Levrebon, Florian"]
[Black "De Carvalho Massabo, Raphael"]
[Result "0-1"]
[WhiteElo "1907"]
[BlackElo "1850"]
[PlyCount "92"]
[EventDate "2022.08.13"]
[EventType "swiss"]
[EventRounds "9"]
[EventCountry "FRA"]
[SourceTitle "CBM 210 Extra"]
[Source "ChessBase"]
[SourceDate "2022.11.30"]
[SourceVersion "1"]
[SourceVersionDate "2022.11.30"]
[SourceQuality "1"]

1. d4 Nf6 2. c4 e6 3. Nf3 d5 4. Nc3 a6 5. cxd5 exd5 6. Bg5 Be6 7. e3 Bd6 8. Bd3 Nbd7 9. 0-0 c6 10. Rc1 Qc7 11. e4 dxe4 12. Nxe4 Nxe4 13. Bxe4 Nb6 14. Re1 0-0 15. Bh4 Bf4 16. Bg3 Bxg3 17. hxg3 h6 18. Nh4 Qd7 19. Bb1 Nd5 20. Qc2 Nf6 21. Rcd1 Rfe8 22. Re5 Rad8 23. f3 Qc8 24. g4 Rd5 25. Rxd5 Bxd5 26. Nf5 Qe6 27. Kf2 Bxa2 28. Bxa2 Qxa2 29. Qd2 Qe6 30. Re1 Qxe1+ 31. Qxe1 Rxe1 32. Kxe1 Nd5 33. Kd2 g6 34. Nxh6+ Kg7 35. g5 f5 36. g4 f4 37. Kd3 b5 38. Ke4 a5 39. Kd3 a4 40. Kc2 b4 41. Kd2 Ne3 42. Kd3 a3 43. bxa3 bxa3 44. Kc3 a2 45. Kb2 Nc2 46. Kxa2 Nxd4 0-1

[Event "FRA-ch op-B"]
[Site "Albi"]
[Date "2022.08.16"]
[Round "4"]
[White "Trouville, Remi"]
[Black "Levrebon, Florian"]
[Result "0-1"]
[WhiteElo "1956"]
[BlackElo "1907"]
[PlyCount "64"]
[EventDate "2022.08.13"]
[EventType "swiss"]
[EventRounds "9"]
[EventCountry "FRA"]
[SourceTitle "CBM 210 Extra"]
[Source "ChessBase"]
[SourceDate "2022.11.30"]
[SourceVersion "1"]
[SourceVersionDate "2022.11.30"]
[SourceQuality "1"]

1. Nf3 d5 2. g3 Nf6 3. Bg2 e6 4. 0-0 c5 5. c4 d4 6. e3 Nc6 7. exd4 cxd4 8. d3 Bd6 9. Re1 0-0 10. a3 a5 11. b3 Re8 12. Nbd2 e5 13. Ng5 Bf5 14. Nge4 Nxe4 15. Nxe4 Be7 16. h3 Bg6 17. g4 f5 18. Ng3 f4 19. Ne4 Qc7 20. Bd2 Rab8 21. Qc2 Bf7 22. Rec1 Rec8 23. Be1 Qd7 24. Rcb1 b5 25. Qa2 a4 26. Nd2 axb3 27. Rxb3 Na5 28. cxb5 Nxb3 29. Nxb3 Rxb5 30. Bb4 Bxb4 31. axb4 Rxb4 32. Qa6 Rxb3 0-1